A-Z: Answers containing "Log" - Statistics

General Stats
  • This quiz has been taken 19 times
  • The average score is 15 of 26
Answer Stats
Initial Clue Answer % Correct
A Statement in which one says sorry Apology
100%
C Wooden Dutch shoe; also a verb meaning to gum up, block Clog
100%
F Whip Flog
100%
G Academic subject dealing with rocks, the physical Earth Geology
100%
D DIscussion, two-way communication Dialogue
89%
M The study of weather Meteorology
79%
Z The study of animals Zoology
79%
E The study of nature and how species interact in their habitats Ecology
74%
H The study of the Earth's water and its movement Hydrology
74%
K A metric weight Kilogram
74%
T Major language of the Philippines Tagalog
74%
B List of tasks which have spent some time awaiting action Backlog
63%
P The science of fossils Paleontology
63%
U Branch of medicine specialising in the yellowish liquid which humans excrete Urology
63%
V Scientific domain concerned with mountains which spew out lava Vulcanology
63%
Y Cylindrical Christmas cake in the form of a tree trunk Yule log
58%
O Branch of biology dealing with birds Ornithology
53%
S Toil Slog
53%
R To record in a database or file again Relog
47%
L The exponent by which a number must be raised to produce a certain number Logarithm
42%
N A new word which is coined Neologism
42%
W Fully soaked, to the point being heavy or unusable Waterlogged
42%
J A village in eastern France which contains features of New York Jalogny
5%
Q Feature on Roblox and elsewhere, allowing users access from multiple devices without having to enter their password every time Quick login
5%
X Woodcarver who also prints ink images onto the wood Xylographer
5%
I Pertaining to illness caused by the very system in the body which is designed to combat disease Immunopathological
0%
No matching quizzes found
Score Distribution
Percent of People with Each Score
Percentile by Number Answered
Your Score History
You have not taken this quiz